000 00320nam a2200145 4500
008 190329s1988||||xo d
245 1 0 _aAnatómia Zeme
250 _a1.vydanie
260 _bMladé letá
_aBratislava
_c1988
300 _a126 s.
020 _c0
041 1 _aslo
044 _axo
_cSK
958 _aAPR
999 _c22285
_d22285